Quizzes
Events
Quiz Creation
Community
Videos
Private Events
Remove Ads
Sign In
Join for FREE
Feedback
Dark Mode
Quiz Categories
Sports
Geography
Music
Movies
Television
Just For Fun
Miscellaneous
History
Literature
Language
Science
Gaming
Entertainment
Religion
Holiday
For Kids
Quiz Lab
Recent
Popular Today
Quiz Kudos Today
Editor Picks
Curator Picks
Quizzes by...
Day
Popularity
Type
Ratings
Length
Year
Community
Subscriptions
Recent Discussions
Orange Saloon
Badges
Playlists
Quests
Create
Leaderboards
Showdown
Live 5
Trivia Bingo
Activity
Puzzle Library
Sporcle Events
Private Events
Virtual Trivia
Globe League
Become a Host
Pub Owners
SporcleCon
Opinionation
Our Games
Videos
Blog
Mobile Apps
Partnerships
Remove Ads and Go Orange
Feedback
Sports
Athletes
MLB
NBA
NHL
NFL
Soccer
Sports Teams
WWE
NCAA
Football
Premier League
Basketball
Baseball
Hockey
Golf
Tennis
Cricket
Rugby
Auto Racing
Olympics
World Cup
Sports
Athletes
MLB
NBA
NHL
NFL
Soccer
Sports Teams
WWE
NCAA
Football
Premier League
Basketball
Baseball
Hockey
Golf
Tennis
Cricket
Rugby
Auto Racing
Olympics
World Cup
Random Quiz
Search Sporcle
×
Quiz Lab
Quiz Lab
Sports
tour
Type in answers that appear in a list
Type in answers that appear in a list
Classic
Best Score? Go Orange.
Cycling: UCI Worldtour 2015 Stats
Can you name the Cycling: UCI Worldtour 2015?
By
TvdB
20m
161 Questions
285 Plays
285 Plays
285 Plays
Comments
Comments
Give Quiz Kudos
Give Quiz Kudos
-
- Ratings
hide this ad
Replay
Link that replays current quiz
Next Quiz
Link to next quiz in quiz playlist
You Got
0%
They Got
Avg Score
77%
Avg Friend Score
Upgrade to see
Score Distribution
Jump to the score distribution portion of the page
Score
0/161
Timer
20:00
0
Plays Today
Race
Winner
% Correct
Tour de France
Christopher Froome
99.3%
Tour de France
Christopher Froome
99.3%
Critérium du Dauphiné
Christopher Froome
99.3%
Critérium du Dauphiné
Christopher Froome
99.3%
Critérium du Dauphiné
Christopher Froome
99.3%
Tour de France
Andre Greipel
98.6%
Tour de France
Andre Greipel
98.6%
Tour de France
Andre Greipel
98.6%
Tour de France
Andre Greipel
98.6%
Giro d'Italia
Andre Greipel
98.6%
Vuelta a Espana
Alejandro Valverde
98.6%
Monuments
Alejandro Valverde
98.6%
Classics (Spring)
Alejandro Valverde
98.6%
Classics (Fall)
Andre Greipel
98.6%
Paris -
Nice
Andre Greipel
98.6%
Volta Ciclista a Catalunya
Alejandro Valverde
98.6%
Volta Ciclista a Catalunya
Alejandro Valverde
98.6%
Volta Ciclista a Catalunya
Alejandro Valverde
98.6%
Eneco Tour
Andre Greipel
98.6%
Tour de France
Vincenzo Nibali
98.2%
Monuments
Vincenzo Nibali
98.2%
Monuments
Alexander Kristoff
97.5%
Classics (Fall)
Alexander Kristoff
97.5%
Paris -
Nice
Alexander Kristoff
97.5%
Tour de Suisse
Alexander Kristoff
97.5%
Tour de France
Joaquim Rodriguez
97.2%
Tour de France
Joaquim Rodriguez
97.2%
Vuelta a Espana
Joaquim Rodriguez
97.2%
Vuelta a Espana
John Degenkolb
97.2%
Monuments
John Degenkolb
97.2%
Monuments
John Degenkolb
97.2%
Tirreno -
Adriatico
Nairo Quintana
97.2%
Tirreno -
Adriatico
Nairo Quintana
97.2%
Vuelta Ciclista al Pais Vasco
Joaquim Rodriguez
97.2%
Vuelta Ciclista al Pais Vasco
Joaquim Rodriguez
97.2%
Vuelta Ciclista al Pais Vasco
Joaquim Rodriguez
97.2%
Giro d'Italia
Fabio Aru
96.8%
Giro d'Italia
Fabio Aru
96.8%
Vuelta a Espana
Peter Sagan
96.8%
Vuelta a Espana
Fabio Aru
96.8%
Tirreno -
Adriatico
Peter Sagan
96.8%
Tour de Suisse
Peter Sagan
96.8%
Tour de Suisse
Peter Sagan
96.8%
Santos Tour Down Under
Richie Porte
96.5%
Paris -
Nice
Richie Porte
96.5%
Paris -
Nice
Richie Porte
96.5%
Paris -
Nice
Richie Porte
96.5%
Volta Ciclista a Catalunya
Richie Porte
96.5%
Tour de France
Mark Cavendish
95.8%
Tour de France
Thibaut Pinot
95.8%
Tour de Romandie
Thibaut Pinot
95.8%
Tour de Suisse
Thibaut Pinot
95.8%
Tour de France
BMC
94.4%
Tour de France
Romain Bardet
94.4%
Race
Winner
% Correct
Giro d'Italia
Alberto Contador
94.4%
Vuelta a Espana
BMC
94.4%
Critérium du Dauphiné
BMC
94.4%
Critérium du Dauphiné
Romain Bardet
94.4%
Tour de France
Greg van Avermaet
94%
Tirreno -
Adriatico
Greg van Avermaet
94%
Tour de France
Rohan Dennis
93.7%
Classics (Spring)
Geraint Thomas
93.7%
Classics (Spring)
Michal Kwiatkowski
93.7%
Santos Tour Down Under
Rohan Dennis
93.7%
Santos Tour Down Under
Rohan Dennis
93.7%
Paris -
Nice
Michal Kwiatkowski
93.7%
Tour de Pologne
Marcel Kittel
93.3%
Classics (Fall)
Adam Yates
93%
Vuelta a Espana
Tom Dumoulin
92.6%
Vuelta a Espana
Tom Dumoulin
92.6%
Vuelta Ciclista al Pais Vasco
Tom Dumoulin
92.6%
Tour de Suisse
Tom Dumoulin
92.6%
Tour de Suisse
Tom Dumoulin
92.6%
Tour de France
Zdenek Stybar
92.3%
Critérium du Dauphiné
Rui Costa
92.3%
Tour de France
Tony Martin
90.9%
Tour de France
Rafal Majka
90.9%
Tour de Romandie
Tony Martin
90.9%
Giro d'Italia
Philippe Gilbert
88.8%
Giro d'Italia
Philippe Gilbert
88.8%
Giro d'Italia
Michael Matthews
88.1%
Vuelta a Espana
Esteban Chaves
88.1%
Vuelta a Espana
Esteban Chaves
88.1%
Paris -
Nice
Michael Matthews
88.1%
Vuelta Ciclista al Pais Vasco
Michael Matthews
88.1%
Tour de Suisse
Michael Matthews
88.1%
Giro d'Italia
Ilnur Zakarin
87.7%
Tour de Romandie
Ilnur Zakarin
87.7%
Tour de Romandie
Team Sky
85.6%
Classics (Fall)
Rigoberto Uran
84.9%
Giro d'Italia
Elia Viviani
84.6%
Eneco Tour
Elia Viviani
84.6%
Giro d'Italia
Mikel Landa
83.9%
Giro d'Italia
Mikel Landa
83.9%
Vuelta a Espana
Mikel Landa
83.9%
Vuelta Ciclista al Pais Vasco
Mikel Landa
83.9%
Critérium du Dauphiné
Nacer Bouhanni
80.7%
Critérium du Dauphiné
Nacer Bouhanni
80.7%
Tour de France
Steve Cummings
80%
Classics (Fall)
Tim Wellens
79.3%
Eneco Tour
Tim Wellens
79.3%
Eneco Tour
Tim Wellens
79.3%
Tirreno -
Adriatico
Wout Poels
78.9%
Vuelta a Espana
Nicolas Roche
78.6%
Giro d'Italia
Orica-Greenedge
78.2%
Tirreno -
Adriatico
Fabian Cancellara
78.2%
Tour de Romandie
Michael Albasini
77.9%
Tour de Romandie
Michael Albasini
77.9%
Race
Winner
% Correct
Tour de Pologne
Sergio Henao
76.5%
Volta Ciclista a Catalunya
Tejay van Garderen
74.4%
Classics (Spring)
Luca Paolini
73.3%
Giro d'Italia
Vasil Kiryienka
73%
Tour de Pologne
Ion Izagirre
71.6%
Giro d'Italia
Diego Ulissi
71.2%
Paris -
Nice
Tony Gallopin
71.2%
Tour de France
Simon Geschke
70.9%
Vuelta a Espana
Frank Schleck
70.9%
Tour de Suisse
Simon Spilak
70.5%
Vuelta a Espana
Caleb Ewan
68.4%
Tour de France
Alexis Vuillermoz
65.3%
Eneco Tour
Tom Boonen
63.5%
Volta Ciclista a Catalunya
Domenico Pozzovivo
57.9%
Tour de France
Ruben Plaza
56.8%
Vuelta a Espana
Ruben Plaza
56.8%
Giro d'Italia
Davide Formolo
55.1%
Vuelta a Espana
Jasper Stuyven
55.1%
Tour de Suisse
Alexey Lutsenko
53.7%
Vuelta a Espana
Nelson Oliveira
53.3%
Tirreno -
Adriatico
Adriano Malori
52.6%
Tour de Pologne
Maciej Bodnar
50.2%
Giro d'Italia
Sacha Modolo
48.4%
Giro d'Italia
Sacha Modolo
48.4%
Giro d'Italia
Paolo Tiralongo
47.7%
Critérium du Dauphiné
Peter Kennaugh
47.7%
Giro d'Italia
Jan Polanc
46.7%
Vuelta a Espana
Alessandro de Marchi
46.7%
Giro d'Italia
Iljo Keisse
46%
Tour de Romandie
Stefan Kung
45.6%
Tour de Suisse
Kristijan Durasek
42.8%
Giro d'Italia
Benat Intxausti
39.3%
Vuelta Ciclista al Pais Vasco
Fabio Felline
36.1%
Vuelta a Espana
Kristian Sbaragli
34.7%
Vuelta a Espana
Bert-Jan Lindeman
34.4%
Santos Tour Down Under
Wouter Wipper
33%
Eneco Tour
Johan le Bon
32.6%
Tirreno -
Adriatico
Jens Debusschere
32.3%
Tour de Pologne
Matteo Pelucchi
31.6%
Tour de Pologne
Matteo Pelucchi
31.6%
Vuelta a Espana
Danny van Poppel
29.1%
Vuelta a Espana
Alexis Gougeard
29.1%
Volta Ciclista a Catalunya
Maciej Paterski
28.1%
Giro d'Italia
Nicola Boem
25.6%
Paris -
Nice
Davide Cimolai
25.3%
Eneco Tour
Jos van Emden
24.2%
Eneco Tour
Manuel Quinziato
24.2%
Santos Tour Down Under
Juan Jose Lobato
23.2%
Santos Tour Down Under
Jack Bobridge
18.2%
Tour de Pologne
Bart de Clercq
16.1%
Tour de Pologne
Marcin Bialoblocki
15.4%
Santos Tour Down Under
Steele Von Hoff
9.5%
Volta Ciclista a Catalunya
Sergie Chernetskiy
8.8%
Quiz Playlist
Details
Report
Send in Message
Add To Playlist
Classic:
Type in answers that appear in a list
Quiz Source
Last Updated: Feb 16, 2017
Quiz Scoreboard
CHALLENGE
Sign Up to Join the Scoreboard
Show All
Scores
Hide
Comments
May contain spoilers
Recently Published
College Basketball Coaching Resumes
by pancakes188
Sports
9m
Billboard Blitz: Fleetwood Mac
by CooCooCachoo
Music
15s
Presidents Visiting Landmarks
by Hejman
History
7m
More to Explore
Quiz From the Vault
Featured Blog Post
Where Did the Easter Bunny Come From?
hide this ad
You Might Also Like...
Tags
2015
Cycling
Cycling Team
giro
tour
Tour de France
uci
UCI Cycling
UCI Overall
Vuelta
World Tour
Today's Top Quizzes in Sports
Browse Sports
hide this ad
Today's Top Quizzes in tour
Browse tour
Top Contributed Quizzes in Sports
1
2022 World Cup Stars
2
Les meilleurs buteurs des matchs entre le PSG et l’OM
3
FIFA Club World Cup Champions
4
Les entraîneurs de l'OM et du PSG au 21e siècle
5
Criteria MLB: Left Handed Sluggers
6
AFC Teams Reveal (Wrong Answers Minefield)
7
5-to-1: UK Sports Teams
8
5-to-1: FBS Animal Nicknames
9
2023 MLB Unique Player Accomplishments
10
Name the Premier League winners with different clubs
Explore More
Trending Topics
Crossword
Marvel
Harry Potter
Disney
Kpop
Anime
NBA
Puzzle
Soccer
WWE
Pokémon
NFL
Country
Song
The Office
hide this ad
More By:
TvdB
Quiz
Plays
Rating
Category
Featured
Created
UEFA Champions League All-Time Topscorers since 1992
2,153
4.38
Sports
Oct 23, 2013
Cycling Quotient 2013 Top 25
731
5.00
Sports
Oct 20, 2013
Cycling: UCI Worldtour 2015
285
Sports
Jun 15, 2016
Go to Creator's Profile
Score Distribution
Quiz Creator Spotlight
TvdB
Follow
Send a Message
Quizzes Created
-
Created Quiz Play Count
-
More By This Creator
Popular Quizzes Today
1
Find the US States - No Outlines Minefield
2
Find the Countries of Europe - No Outlines Minefield
3
The Countries of the World
4
Find the US States
5
Risky Map Clicking: Biggest States A-Z
6
US States
7
Popular People in 1961
8
Movies - When Are They Set?
More Sports Quizzes
'A' Sporting Brits
Quiz Lab
Trending Quizzes
Risky Map Clicking: Least Populous States A-Z
1-10 Letter G Words
1-10 Letter F Words
Risky Map Clicking: Next State Alphabetically
Risky Map Clicking: Biggest States A-Z
Recently Updated
Leaping Animals
pecheneg
Reality TV Shows (A-Z)
bhenderson79
Rickey Henderson's Hall of Fame Teammates
pecheneg
Champions League XIs: Arsenal
pecheneg
Quick Pick: Celebrities in WWE's Hall of Fame
aduchscher
A-Z Keypad Blitz II
pecheneg
Multiple Oscar Actors
pecheneg
Mystery Phrase Blitz: Oscar 'Best Actors'
pecheneg
F. Scott Fitzgerald Novels
LTH
Pick 3 Villains
ddd62291
Trending Topics
Disney
NBA
Marvel
Kpop
Anime
Harry Potter
Crossword
Song
WWE
NFL
Country
Soccer
Pokémon
Puzzle
The Office
Your Account Isn't Verified!
In order to create a playlist on Sporcle, you need to verify the email address you used during registration. Go to your
Sporcle Settings
to finish the process.
Report this User
Report this user for behavior that violates our
Community Guidelines
.
Details:
Send Report
Go to the Sporcle.com Mobile Site →
Comments